[Event "NAYCC U08"]
[Site "Montreal CAN"]
[Date "2010.08.19"]
[Round "7"]
[White "Zhang, Hou Han"]
[Black "Yip, Mattew"]
[Result "0-1"]
[WhiteElo "1030"]
[BlackElo "1191"]
[PlyCount "78"]
[EventDate "2010.08.16"]
[EventType "swiss"]
[EventRounds "7"]
[EventCountry "CAN"]

1. e4 d5 2. exd5 Nf6 3. Nf3 Nxd5 4. Bc4 Nb6 5. Bb3 Nc6 6. O-O Bf5 7. Ng5 e6 8.
d3 Be7 9. Nf3 Na5 10. Nbd2 O-O 11. a3 Nxb3 12. Nxb3 Bf6 13. Rb1 Qe7 14. Be3
Rfe8 15. Qe2 Na4 16. d4 h5 17. h3 a6 18. Nc1 b5 19. b3 Nc3 20. Qd2 Nxb1 21. Qe2
Nxa3 22. Nd3 b4 23. Nfe5 Qd6 24. Qxh5 g6 25. Qh6 Bg7 26. Qh4 Nxc2 27. Bg5 Reb8
28. Bf6 Nxd4 29. Bxg7 Kxg7 30. Qf4 Ne2+ 31. Kh1 Nxf4 32. Nxf4 Qxe5 33. g3 g5
34. Ng2 Bxh3 35. Rc1 Qe4 36. Rg1 Rd8 37. Kh2 Bxg2 38. Rxg2 Rh8+ 39. Kg1 Qe1#
0-1

[Event "NAYCC U08 w"]
[Site "Montreal CAN"]
[Date "2010.08.16"]
[Round "1"]
[White "Desmarais, Yvema"]
[Black "Liu, Julia"]
[Result "0-1"]
[WhiteElo "329"]
[BlackElo "587"]
[PlyCount "64"]
[EventDate "2010.08.16"]
[EventType "swiss"]
[EventRounds "7"]
[EventCountry "CAN"]

1. e4 e5 2. Bc4 Bc5 3. Qh5 Qe7 4. d3 d6 5. Nf3 Nc6 6. Qg4 Bxg4 7. h3 Bh5 8. g4
Bg6 9. Nc3 O-O-O 10. d4 exd4 11. Bf4 dxc3 12. O-O-O cxb2+ 13. Kxb2 Bxf2 14.
Rhf1 Bc5 15. h4 h5 16. gxh5 Bxh5 17. Ne5 dxe5 18. Rfe1 Bxd1 19. Rxd1 Rxd1 20.
Bg5 f6 21. Be3 Bxe3 22. c3 Qd6 23. Be2 Qd2+ 24. Kb3 Rb1+ 25. Kc4 Qxe2+ 26. Kd5
Rd1+ 27. Ke6 Rd6+ 28. Kf5 Qf3+ 29. Kg6 f5+ 30. Kf7 Nd8+ 31. Kxg7 Qh5 32. c4
Qf7+ 0-1

[Event "NAYCC U08 w"]
[Site "Montreal CAN"]
[Date "2010.08.16"]
[Round "1"]
[White "Gorti, Akshita"]
[Black "Ouellet, Maili-Jade"]
[Result "1-0"]
[WhiteElo "1236"]
[BlackElo "519"]
[PlyCount "97"]
[EventDate "2010.08.16"]
[EventType "swiss"]
[EventRounds "7"]
[EventCountry "CAN"]

1. d4 e6 2. Nf3 Bb4+ 3. c3 Ba5 4. e3 d6 5. Bd3 Nf6 6. Nbd2 Ng4 7. O-O d5 8. h3
Nh6 9. Qe2 Nc6 10. e4 dxe4 11. Nxe4 Ne7 12. Re1 c6 13. Bf4 Bc7 14. Bxc7 Qxc7
15. Ne5 f6 16. Nf3 Bd7 17. Nc5 O-O-O 18. Nxe6 Rde8 19. Nxc7 Kxc7 20. Qd2 Nd5
21. Rxe8 Bxe8 22. Re1 f5 23. Ne5 Nf7 24. Nxf7 Bxf7 25. Bxf5 g6 26. Bd3 Re8 27.
Rxe8 Bxe8 28. Qh6 b6 29. Qxh7+ Kd6 30. Bxg6 Bxg6 31. Qxg6+ Kd7 32. h4 Ne7 33.
Qf7 Kd6 34. h5 c5 35. dxc5+ bxc5 36. h6 c4 37. Qxe7+ Kxe7 38. h7 Ke6 39. h8=Q
Kd5 40. Qd4+ Ke6 41. Qc5 Kf6 42. Kh2 Kg6 43. Qe5 Kf7 44. Kg3 Kg6 45. Kg4 Kf7
46. Kf5 Kf8 47. Kf6 Kg8 48. Qe7 Kh8 49. Qg7# 1-0

[Event "NAYCC U08 w"]
[Site "Montreal CAN"]
[Date "2010.08.16"]
[Round "1"]
[White "Kaneshalingam, Mathanhe"]
[Black "Sowa, Grace"]
[Result "1-0"]
[WhiteElo "866"]
[BlackElo "301"]
[PlyCount "67"]
[EventDate "2010.08.16"]
[EventType "swiss"]
[EventRounds "7"]
[EventCountry "CAN"]

1. e4 e5 2. Nf3 Nc6 3. Nc3 Nf6 4. Bc4 g6 5. g3 b6 6. b3 a6 7. Bb2 b5 8. Bd5
Nxd5 9. exd5 Ne7 10. Nxe5 f6 11. Nf3 c6 12. dxc6 dxc6 13. Qe2 a5 14. O-O-O b4
15. Ne4 f5 16. Bxh8 fxe4 17. Qxe4 g5 18. Nxg5 h6 19. Ne6 Qd7 20. Nxf8 Kxf8 21.
Bf6 Qe6 22. Bxe7+ Kxe7 23. Qxe6+ Bxe6 24. f4 Bg4 25. Rde1+ Kd7 26. Rhf1 h5 27.
f5 Kd8 28. f6 h4 29. f7 Bh5 30. f8=Q+ Kc7 31. Qxa8 Kb6 32. Re7 c5 33. Rf6+ Kb5
34. Rb7# 1-0

[Event "NAYCC U08 w"]
[Site "Montreal CAN"]
[Date "2010.08.16"]
[Round "1"]
[White "Lopez, Anastacia"]
[Black "Chen, Zixin"]
[Result "0-1"]
[WhiteElo "899"]
[BlackElo "900"]
[PlyCount "130"]
[EventDate "2010.08.16"]
[EventType "swiss"]
[EventRounds "7"]
[EventCountry "CAN"]

1. Nf3 d5 2. d4 Nc6 3. g3 Bf5 4. e3 Nb4 5. Bd3 Bxd3 6. cxd3 Nf6 7. a3 Nc6 8.
Nc3 e6 9. Ne5 Nxe5 10. dxe5 Nd7 11. d4 Nb6 12. O-O Qd7 13. f4 O-O-O 14. e4 dxe4
15. Nxe4 Be7 16. Be3 Nc4 17. Qe2 Qd5 18. Nc3 Qc6 19. Rac1 Nxe3 20. Qxe3 Qb6 21.
Na4 Qb5 22. b3 Bxa3 23. Rc2 Rhe8 24. Qc3 Re7 25. f5 Bb4 26. Qf3 Rxd4 27. f6
gxf6 28. exf6 Red7 29. Nc3 Qd3 30. Qxd3 Rxd3 31. Nb5 Kb8 32. Rfc1 Rd1+ 33. Rxd1
Rxd1+ 34. Kg2 Rd2+ 35. Rxd2 Bxd2 36. Nd4 e5 37. Nf3 Bc3 38. Ng5 a5 39. Nxh7 c5
40. Nf8 c4 41. Nd7+ Kc7 42. Nc5 cxb3 43. Nxb3 a4 44. Nc1 a3 45. Na2 Bd4 46. h4
e4 47. g4 Bxf6 48. g5 Be5 49. Kf2 Bd4+ 50. Ke2 b5 51. h5 Kc6 52. h6 Kc5 53. h7
b4 54. h8=Q Bxh8 55. Kd2 b3 56. Nc1 b2 57. Nb3+ Kb4 58. Nc1 b1=Q 59. Ne2 Qd3+
60. Ke1 Qe3 61. Kd1 a2 62. Nc1 a1=Q 63. Kc2 Qac3+ 64. Kb1 Qexc1+ 65. Ka2 Q3b2#
0-1

[Event "NAYCC U08 w"]
[Site "Montreal CAN"]
[Date "2010.08.16"]
[Round "1"]
[White "Van Raamsdonk, Remei"]
[Black "Birarov, Nicole"]
[Result "0-1"]
[WhiteElo "489"]
[BlackElo "956"]
[PlyCount "90"]
[EventDate "2010.08.16"]
[EventType "swiss"]
[EventRounds "7"]
[EventCountry "CAN"]

1. e4 d5 2. e5 c5 3. Bb5+ Bd7 4. Bxd7+ Qxd7 5. Nf3 Nc6 6. O-O O-O-O 7. c3 e6 8.
d4 c4 9. Bg5 Be7 10. b3 Bxg5 11. Nxg5 f6 12. exf6 Nxf6 13. bxc4 dxc4 14. Na3
Na5 15. f4 h5 16. Re1 Rde8 17. Qe2 Qc7 18. Nxe6 Qc6 19. f5 h4 20. Rad1 h3 21.
Rd2 Rh5 22. g4 Rg5 23. Qe3 Rxg4+ 24. Kf1 Qh1+ 25. Ke2 Rg2+ 26. Kd1 Rxd2+ 27.
Kxd2 Qxh2+ 28. Re2 Qd6 29. Qe5 Qxa3 30. Kd1 Re7 31. Ke1 Qc1+ 32. Kf2 Ng4+ 33.
Kg3 Nxe5 34. Rxe5 Qh1 35. d5 Qg2+ 36. Kh4 g5+ 37. Kh5 Rh7+ 38. Kg6 Rh4 39. Nxg5
h2 40. Re8+ Kd7 41. Re1 h1=Q 42. Rxh1 Rxh1 43. a4 Rg1 44. f6 Qxg5+ 45. Kf7 Qg8#
0-1

[Event "NAYCC U08 w"]
[Site "Montreal CAN"]
[Date "2010.08.16"]
[Round "1"]
[White "Zhang, Taylor"]
[Black "Cao, Celine"]
[Result "1-0"]
[WhiteElo "897"]
[BlackElo "378"]
[PlyCount "75"]
[EventDate "2010.08.16"]
[EventType "swiss"]
[EventRounds "7"]
[EventCountry "CAN"]

1. e4 e5 2. Nf3 Nc6 3. Nc3 Nf6 4. Bb5 Nb4 5. d3 c6 6. Bc4 b5 7. Bb3 Nbd5 8.
exd5 e4 9. dxe4 b4 10. Ne2 Ng4 11. dxc6 dxc6 12. Qxd8+ Kxd8 13. Ng5 Be6 14.
Bxe6 fxe6 15. Nf7+ Kc8 16. Nxh8 b3 17. axb3 Bb4+ 18. c3 a5 19. cxb4 axb4 20.
Rxa8+ Kc7 21. f4 Nf6 22. f5 e5 23. Ra7+ Kb6 24. Rxg7 Nxe4 25. Bg5 Nc5 26. f6
Nd3+ 27. Kd2 Nxb2 28. f7 c5 29. f8=Q Nc4+ 30. bxc4 b3 31. Qb8+ Kc6 32. Rc7+ Kd6
33. Qd8+ Ke6 34. Re7+ Kf5 35. Qf8+ Kxg5 36. Rg7+ Kh4 37. Qg8 b2 38. Qxh7# 1-0

[Event "NAYCC U08 w"]
[Site "Montreal CAN"]
[Date "2010.08.16"]
[Round "2"]
[White "Birarov, Nicole"]
[Black "Kaneshalingam, Mathanhe"]
[Result "1/2-1/2"]
[WhiteElo "968"]
[BlackElo "866"]
[PlyCount "132"]
[EventDate "2010.08.16"]
[EventType "swiss"]
[EventRounds "7"]
[EventCountry "CAN"]

1. e4 e5 2. Nf3 Nc6 3. Bc4 Bc5 4. b4 Bxb4 5. c3 Bc5 6. d4 exd4 7. O-O dxc3 8.
Bxf7+ Kxf7 9. Qd5+ Ke8 10. Qxc5 Qf6 11. Nxc3 d6 12. Qe3 Nb4 13. Rb1 c5 14. a3
Nc2 15. Qd3 Nd4 16. Nd5 Qf7 17. Nxd4 cxd4 18. Qxd4 Nf6 19. Re1 Nxd5 20. exd5+
Kf8 21. Bf4 Qf6 22. Qxf6+ gxf6 23. Bxd6+ Kf7 24. Re7+ Kg6 25. Bf4 b6 26. Rxb6
axb6 27. f3 Rxa3 28. g4 Rxf3 29. Bd2 Bxg4 30. d6 Rd3 31. Bb4 b5 32. Kf2 Rb3 33.
Bc5 b4 34. d7 Bxd7 35. Rxd7 Rb1 36. Rb7 b3 37. Kg3 Re8 38. Kf3 Rc8 39. Bd4 h5
40. Ke3 Kg5 41. Rg7+ Kf5 42. h4 Ke6 43. Rh7 Rc2 44. Kd3 Rbc1 45. Rxh5 b2 46.
Rb5 b1=Q 47. Rxb1 Rxb1 48. Kxc2 Rb4 49. Bf2 Rb8 50. Kd3 f5 51. Ke3 Rh8 52. Kf4
Kd5 53. Kxf5 Rf8+ 54. Kg6 Ke6 55. Bd4 Rg8+ 56. Kh7 Kf7 57. Bh8 Kf8 58. h5 Rg2
59. Be5 Rg5 60. Bd6+ Kf7 61. h6 Ke6 62. Bf8 Kf5 63. Bg7 Rh5 64. Kg8 Kg6 65. Bf8
Rxh6 66. Bxh6 Kxh6 1/2-1/2

[Event "NAYCC U08 w"]
[Site "Montreal CAN"]
[Date "2010.08.16"]
[Round "2"]
[White "Chen, Zixin"]
[Black "Gorti, Akshita"]
[Result "0-1"]
[WhiteElo "900"]
[BlackElo "1236"]
[PlyCount "64"]
[EventDate "2010.08.16"]
[EventType "swiss"]
[EventRounds "7"]
[EventCountry "CAN"]

1. e4 e6 2. d4 d5 3. Nc3 Nf6 4. e5 Nfd7 5. f4 a6 6. Nf3 c5 7. Be3 Nc6 8. Qd2
Be7 9. O-O-O c4 10. a3 Qc7 11. Kb1 b5 12. g4 Rb8 13. f5 a5 14. Ne2 b4 15. a4
Nb6 16. c3 b3 17. h4 Nxa4 18. Bg5 Bxg5 19. Nxg5 h6 20. Nf3 Nb6 21. Ng3 a4 22.
f6 g6 23. g5 h5 24. Be2 Ra8 25. Qf4 a3 26. bxa3 Rxa3 27. Kc1 Ra2 28. Rd2 Ra6
29. Rb2 Na4 30. Rd2 Nxc3 31. Rb2 Qa5 32. Nd2 Nb4 0-1

[Event "NAYCC U08 w"]
[Site "Montreal CAN"]
[Date "2010.08.16"]
[Round "2"]
[White "Liu, Julia"]
[Black "Zhang, Taylor"]
[Result "0-1"]
[WhiteElo "587"]
[BlackElo "897"]
[PlyCount "90"]
[EventDate "2010.08.16"]
[EventType "swiss"]
[EventRounds "7"]
[EventCountry "CAN"]

1. e4 e5 2. Nf3 Nf6 3. d3 Nc6 4. Nc3 d6 5. h3 Be6 6. Be2 Be7 7. O-O O-O 8. Be3
d5 9. exd5 Nxd5 10. Nxd5 Bxd5 11. c4 Be6 12. Ng5 Bxg5 13. Bxg5 Qxg5 14. Bg4
Rad8 15. Bf3 Bxc4 16. Qa4 Bxd3 17. Rfd1 Bf5 18. Bg4 Bxg4 19. hxg4 Qf4 20. Qxf4
exf4 21. Re1 Rfe8 22. Rxe8+ Rxe8 23. Rd1 g6 24. Rd7 Re2 25. Rxc7 Rxb2 26. Rc8+
Kg7 27. Rc7 Rxa2 28. Rxb7 Ne5 29. g5 f3 30. gxf3 Nxf3+ 31. Kg2 Nxg5 32. Rb5 Ne4
33. Rb4 Nxf2 34. Rb3 a5 35. Rb1 a4 36. Rf1 a3 37. Rxf2 Rxf2+ 38. Kxf2 a2 39.
Kf3 a1=Q 40. Kf4 g5+ 41. Kxg5 f5 42. Kxf5 h5 43. Kg5 Qd4 44. Kxh5 Kf6 45. Kh6
Qh4# 0-1

[Event "NAYCC U08 w"]
[Site "Montreal CAN"]
[Date "2010.08.17"]
[Round "3"]
[White "Chen, Zixin"]
[Black "Birarov, Nicole"]
[Result "1-0"]
[WhiteElo "900"]
[BlackElo "956"]
[PlyCount "67"]
[EventDate "2010.08.16"]
[EventType "swiss"]
[EventRounds "7"]
[EventCountry "CAN"]

1. e4 d5 2. Nc3 d4 3. Nce2 e5 4. d3 Nc6 5. Nf3 Nf6 6. g3 Be6 7. Ng5 Bd7 8. Nf3
Be7 9. Bg5 O-O 10. Bg2 Qc8 11. O-O Bh3 12. c3 dxc3 13. bxc3 Bxg2 14. Kxg2 h6
15. Be3 Qd7 16. Qd2 Rad8 17. Rfd1 Qe6 18. Rab1 Nxe4 19. Qc2 Ng5 20. Bxg5 Bxg5
21. Nxg5 hxg5 22. Rxb7 Qd7 23. Qd2 Qd5+ 24. Kg1 Rd6 25. Rxc7 Rh6 26. Qxg5 Re8
27. Qf5 Nd8 28. Qd7 Qxd7 29. Rxd7 Nc6 30. Rc7 Ree6 31. Rb1 f5 32. Rbb7 Rh7 33.
Rc8+ Re8 34. Rxe8# 1-0

[Event "NAYCC U08 w"]
[Site "Montreal CAN"]
[Date "2010.08.17"]
[Round "3"]
[White "Gorti, Akshita"]
[Black "Zhang, Taylor"]
[Result "1-0"]
[WhiteElo "1236"]
[BlackElo "897"]
[PlyCount "73"]
[EventDate "2010.08.16"]
[EventType "swiss"]
[EventRounds "7"]
[EventCountry "CAN"]

1. d4 d5 2. Nf3 Nc6 3. c3 Nf6 4. e3 Bf5 5. Be2 e6 6. Nbd2 Be7 7. Nh4 O-O 8.
Nxf5 exf5 9. O-O Qd6 10. Bd3 Ng4 11. Nf3 Qe6 12. h3 Nf6 13. Qc2 Rad8 14. Bxf5
Qd6 15. b3 Rfe8 16. a4 Na5 17. Ba3 Qc6 18. Ne5 Qb6 19. b4 Nc6 20. a5 Qb5 21.
Bd3 Nxe5 22. Bxb5 c6 23. dxe5 cxb5 24. exf6 Bxf6 25. Bb2 Re7 26. Qd2 h6 27.
Rad1 Red7 28. Qc2 Re7 29. Qb3 Red7 30. Rd2 a6 31. Rfd1 d4 32. cxd4 g5 33. Rc2
Rd6 34. Rdc1 Kg7 35. Rc7 b6 36. Qxf7+ Kh8 37. Qh7# 1-0

[Event "NAYCC U08 w"]
[Site "Montreal CAN"]
[Date "2010.08.17"]
[Round "3"]
[White "Kaneshalingam, Mathanhe"]
[Black "Liu, Julia"]
[Result "1/2-1/2"]
[WhiteElo "866"]
[BlackElo "587"]
[PlyCount "105"]
[EventDate "2010.08.16"]
[EventType "swiss"]
[EventRounds "7"]
[EventCountry "CAN"]

1. e4 e5 2. Nf3 Nc6 3. g3 Bc5 4. Bg2 Nf6 5. Nc3 O-O 6. O-O d6 7. d3 h6 8. h3
Qd7 9. Nd5 Nxd5 10. exd5 Nd4 11. Nxd4 exd4 12. Qg4 Qxg4 13. hxg4 Bxg4 14. c3
dxc3 15. bxc3 Be2 16. Re1 Bxd3 17. Re7 Bb6 18. Be3 Ba5 19. Bd2 Rfe8 20. Rxe8+
Rxe8 21. Re1 Rxe1+ 22. Bxe1 Bc4 23. a3 Bb6 24. Bd2 Bc5 25. Bc1 f5 26. Bf1 Bxd5
27. Bd3 Kf7 28. Bxf5 Kf6 29. Bd3 Ke5 30. Be2 Ke4 31. c4 Be6 32. Kg2 d5 33. cxd5
Bxd5 34. Bb2 Kf5+ 35. Bf3 Bxf3+ 36. Kxf3 g5 37. g4+ Kg6 38. Kg3 h5 39. gxh5+
Kxh5 40. a4 a6 41. Be5 c6 42. Bc7 b5 43. axb5 axb5 44. Be5 b4 45. f4 gxf4+ 46.
Kxf4 b3 47. Ke4 Ba3 48. Kd3 Kg5 49. Bc3 Kf5 50. Kc4 b2 51. Bxb2 Bxb2 52. Kc5
Ke6 53. Kxc6 1/2-1/2

[Event "NAYCC U08 w"]
[Site "Montreal CAN"]
[Date "2010.08.17"]
[Round "3"]
[White "Lopez, Anastacia"]
[Black "Cao, Celine"]
[Result "1-0"]
[WhiteElo "893"]
[BlackElo "378"]
[PlyCount "55"]
[EventDate "2010.08.16"]
[EventType "swiss"]
[EventRounds "7"]
[EventCountry "CAN"]

1. Nf3 e5 2. Nxe5 d6 3. Nf3 Nc6 4. g3 Nf6 5. Bg2 d5 6. d4 Bb4+ 7. Bd2 Bxd2+ 8.
Nbxd2 Ne4 9. O-O Nxd2 10. Qxd2 O-O 11. c3 h6 12. Ne5 Qg5 13. Qxg5 hxg5 14. Bxd5
Ne7 15. Bg2 Nf5 16. Nf3 Bd7 17. Nxg5 Bc6 18. Nf3 Nd6 19. Rad1 f5 20. d5 Bxd5
21. Rxd5 f4 22. Ne5 g5 23. Nd3 Rf7 24. Nc5 Rh7 25. Rfd1 fxg3 26. fxg3 Kf7 27.
Nxb7 Nxb7 28. Rd7+ 1-0

[Event "NAYCC U08 w"]
[Site "Montreal CAN"]
[Date "2010.08.17"]
[Round "4"]
[White "Birarov, Nicole"]
[Black "Desmarais, Yvema"]
[Result "1-0"]
[WhiteElo "956"]
[BlackElo "329"]
[PlyCount "35"]
[EventDate "2010.08.16"]
[EventType "swiss"]
[EventRounds "7"]
[EventCountry "CAN"]

1. e4 e5 2. Nf3 d6 3. d4 g5 4. Bxg5 h6 5. Bxd8 Kxd8 6. dxe5 Ke8 7. exd6 cxd6 8.
Qd4 Rh7 9. Bd3 Be7 10. e5 Bd7 11. Bxh7 Nf6 12. exf6 a6 13. fxe7 Kxe7 14. Qe4+
Kf8 15. Qf4 Nc6 16. Bg6 Re8+ 17. Kf1 a5 18. Qxf7# 1-0

[Event "NAYCC U08 w"]
[Site "Montreal CAN"]
[Date "2010.08.17"]
[Round "4"]
[White "Kaneshalingam, Mathanhe"]
[Black "Gorti, Akshita"]
[Result "1-0"]
[WhiteElo "866"]
[BlackElo "1236"]
[PlyCount "117"]
[EventDate "2010.08.16"]
[EventType "swiss"]
[EventRounds "7"]
[EventCountry "CAN"]

1. e4 e6 2. Nc3 d5 3. Nf3 Nf6 4. exd5 exd5 5. d4 c6 6. Bg5 Be7 7. Bxf6 Bxf6 8.
Bd3 Nd7 9. O-O O-O 10. h3 Be7 11. Ne5 Nxe5 12. dxe5 Qc7 13. Qh5 g6 14. Qe2 Re8
15. Rfe1 Bf6 16. f4 Qb6+ 17. Kh1 Qxb2 18. Qd2 Bg7 19. Rab1 Qa3 20. Rb3 Qe7 21.
Qe3 Bh6 22. a3 Qc7 23. Na4 Rxe5 24. Qxe5 Bxf4 25. Qxc7 Bxc7 26. Re8+ Kg7 27.
Be2 Rb8 28. Bg4 Bxg4 29. Rxb8 Bxb8 30. hxg4 b6 31. Nxb6 axb6 32. Rxb6 Bd6 33.
a4 Kh6 34. Rxc6 Bf4 35. a5 Kg5 36. a6 Bb8 37. Rb6 Bf4 38. Rb7 Be3 39. Re7 Bd4
40. Rd7 Kxg4 41. Rxd5 Bf2 42. Rd7 f5 43. Rxh7 f4 44. a7 Bxa7 45. Rxa7 g5 46. c4
Kh4 47. c5 g4 48. c6 f3 49. gxf3 gxf3 50. Kg1 Kg3 51. Kf1 Kg4 52. c7 Kf4 53.
c8=Q Ke4 54. Rf7 Kd5 55. Re7 Kd6 56. Qd8+ Kc6 57. Rc7+ Kb5 58. Qb8+ Ka4 59.
Ra7# 1-0

[Event "NAYCC U08 w"]
[Site "Montreal CAN"]
[Date "2010.08.17"]
[Round "4"]
[White "Liu, Julia"]
[Black "Van Raamsdonk, Remei"]
[Result "1/2-1/2"]
[WhiteElo "587"]
[BlackElo "489"]
[PlyCount "130"]
[EventDate "2010.08.16"]
[EventType "swiss"]
[EventRounds "7"]
[EventCountry "CAN"]

1. e4 e5 2. Nf3 Nc6 3. Bc4 Nf6 4. Nc3 Bb4 5. a3 Bc5 6. Ng5 O-O 7. O-O d6 8. h3
a5 9. Re1 h6 10. Nf3 Re8 11. Bb5 Bd7 12. Nd5 Nxd5 13. exd5 Nd4 14. Bxd7 Qxd7
15. Nxd4 Bxd4 16. c3 Bb6 17. d3 c6 18. dxc6 bxc6 19. Be3 Bxe3 20. Rxe3 Qb7 21.
b4 axb4 22. cxb4 c5 23. bxc5 dxc5 24. a4 Qc6 25. Qg4 Qg6 26. Qxg6 fxg6 27. Rg3
Kh7 28. Re3 g5 29. Rc1 Rxa4 30. Rxc5 Rd4 31. Kf1 Ra4 32. Rcxe5 Ra1+ 33. Ke2
Rxe5 34. Rxe5 Rg1 35. g4 Rh1 36. Re3 Kg6 37. d4 Rb1 38. Rd3 Rb8 39. d5 Rd8 40.
d6 Rd7 41. Ke3 Kf7 42. Ke4 Ke6 43. Rd5 Rxd6 44. Rxd6+ Kxd6 45. h4 gxh4 46. Kf3
g5 47. Kg2 Ke5 48. f3 Kf4 49. Kf2 Ke5 50. Kg2 Kd4 51. Kf2 Kd3 52. Kg2 Ke2 53.
Kh2 Kxf3 54. Kh3 Kf4 55. Kg2 Kxg4 56. Kh2 Kh5 57. Kg2 g4 58. Kh2 g3+ 59. Kh3
Kg5 60. Kg2 Kg4 61. Kh1 h3 62. Kg1 h2+ 63. Kh1 h5 64. Kg2 h4 65. Kh1 Kh3
1/2-1/2

[Event "NAYCC U08 w"]
[Site "Montreal CAN"]
[Date "2010.08.17"]
[Round "4"]
[White "Sowa, Grace"]
[Black "Lopez, Anastacia"]
[Result "0-1"]
[WhiteElo "313"]
[BlackElo "893"]
[PlyCount "48"]
[EventDate "2010.08.16"]
[EventType "swiss"]
[EventRounds "7"]
[EventCountry "CAN"]

1. e4 d6 2. Nf3 Nc6 3. Nc3 Nf6 4. Be2 g6 5. O-O Bg7 6. h3 O-O 7. g4 h6 8. h4
Bxg4 9. Bb5 a6 10. Bxc6 bxc6 11. Ne1 Bxd1 12. d4 Bg4 13. Bf4 Nh5 14. Ne2 Bxe2
15. Kh1 Bxf1 16. d5 cxd5 17. exd5 Nxf4 18. Nd3 Bxd3 19. cxd3 Nxd3 20. Kg2 Qd7
21. Kf3 Qf5+ 22. Kg3 Be5+ 23. Kg2 Qxf2+ 24. Kh3 Qg3# 0-1

[Event "NAYCC U08 w"]
[Site "Montreal CAN"]
[Date "2010.08.17"]
[Round "4"]
[White "Zhang, Taylor"]
[Black "Chen, Zixin"]
[Result "1-0"]
[WhiteElo "897"]
[BlackElo "900"]
[PlyCount "129"]
[EventDate "2010.08.16"]
[EventType "swiss"]
[EventRounds "7"]
[EventCountry "CAN"]

1. e4 e5 2. Nf3 Nc6 3. Nc3 Nf6 4. d3 Bb4 5. Be2 d6 6. O-O O-O 7. Bg5 h6 8. Bh4
Bc5 9. Nd5 Nd4 10. Nxd4 Bxd4 11. Nxf6+ gxf6 12. Bg4 Bxb2 13. Rb1 Bd4 14. Bxc8
Qxc8 15. Bxf6 Qe6 16. Bh4 Rab8 17. Qd2 Kh7 18. c3 Bb6 19. Rfe1 Qg4 20. Bg3 Rg8
21. d4 Rbd8 22. dxe5 dxe5 23. Qc2 c5 24. Red1 Rxd1+ 25. Rxd1 Ba5 26. f3 Qg5 27.
Rd7 Qe3+ 28. Bf2 Qxc3 29. Qxc3 Bxc3 30. Rxf7+ Rg7 31. Rxg7+ Kxg7 32. Bxc5 b6
33. Be3 h5 34. f4 Kf6 35. f5 Bd4 36. Kf2 b5 37. Ke2 a5 38. Kd3 Bxe3 39. Kxe3 b4
40. Kd3 a4 41. Kc4 b3 42. axb3 axb3 43. Kxb3 Kg5 44. Kc4 Kf6 45. Kd5 h4 46. g3
h3 47. g4 Kg5 48. Kxe5 Kxg4 49. f6 Kf3 50. f7 Kg2 51. f8=Q Kxh2 52. Qh6 Kg2 53.
Qd2+ Kg3 54. Qe1+ Kg2 55. Qe2+ Kg3 56. Qf1 Kh2 57. Qxh3+ Kxh3 58. Kf6 Kg4 59.
e5 Kf4 60. e6 Kg4 61. e7 Kf4 62. e8=Q Kg4 63. Qe3 Kh4 64. Kf5 Kh5 65. Qg5# 1-0

[Event "NAYCC U08 w"]
[Site "Montreal CAN"]
[Date "2010.08.18"]
[Round "5"]
[White "Cao, Celine"]
[Black "Sowa, Grace"]
[Result "0-1"]
[WhiteElo "378"]
[BlackElo "313"]
[Annotator ",user"]
[PlyCount "25"]
[EventDate "2010.08.16"]
[EventType "swiss"]
[EventRounds "7"]
[EventCountry "CAN"]

1. e4 e5 2. Nf3 Nc6 3. Nc3 g6 4. Bc4 f5 5. d4 fxe4 6. Nh4 exd4 7. Na4 a6 8. a3
b5 9. Nc5 bxc4 10. O-O d6 11. Nxe4 Bf5 12. Ng3 Be7 13. Re1 {etc.} 0-1

[Event "NAYCC U08 w"]
[Site "Montreal CAN"]
[Date "2010.08.18"]
[Round "5"]
[White "Gorti, Akshita"]
[Black "Birarov, Nicole"]
[Result "1-0"]
[WhiteElo "1236"]
[BlackElo "968"]
[PlyCount "133"]
[EventDate "2010.08.16"]
[EventType "swiss"]
[EventRounds "7"]
[EventCountry "CAN"]

1. d4 d5 2. Nf3 Nf6 3. e3 Bg4 4. Be2 Nc6 5. c3 e6 6. Nbd2 Bd6 7. h3 Bh5 8. O-O
O-O 9. Qc2 Bg6 10. Qd1 h6 11. b3 Qd7 12. Bb2 Ne7 13. Nh4 Bh7 14. Re1 c6 15. c4
Bc7 16. Nb1 Qd6 17. Nf3 Nf5 18. Ba3 Qd7 19. Bxf8 Rxf8 20. Bd3 dxc4 21. Bxc4 Rd8
22. Qe2 Qd6 23. Nbd2 Nh4 24. Nf1 Nxf3+ 25. Qxf3 Be4 26. Qe2 b5 27. Bd3 c5 28.
Bxb5 cxd4 29. exd4 Qxd4 30. Rad1 Qb6 31. Rxd8+ Bxd8 32. Bd3 Bc6 33. Rc1 Bc7 34.
Qc2 g6 35. Qxc6 Qxc6 36. Rxc6 Bb6 37. a4 Nd5 38. Be4 Nb4 39. Rc1 f5 40. Bb1 e5
41. Ne3 f4 42. Ng4 Bd4 43. Bxg6 Kf8 44. Nxh6 Kg7 45. Nf5+ Kxg6 46. Nxd4 exd4
47. Rc4 Nd3 48. Rxd4 Nc5 49. Rxf4 Nxb3 50. Rb4 Nc5 51. a5 Kf6 52. Rb5 Na6 53.
Rb7 Nc5 54. Rxa7 Ke6 55. g4 Kf6 56. Rc7 Na4 57. a6 Nb2 58. a7 Na4 59. a8=Q Nb2
60. Qh8+ Ke6 61. Qxb2 Kd6 62. Qb6+ Ke5 63. Rc4 Kd5 64. Qb5+ Kd6 65. Rc6+ Kd7
66. Qb7+ Kd8 67. Rc8# 1-0

[Event "NAYCC U08 w"]
[Site "Montreal CAN"]
[Date "2010.08.18"]
[Round "5"]
[White "Zhang, Taylor"]
[Black "Kaneshalingam, Mathanhe"]
[Result "0-1"]
[WhiteElo "897"]
[BlackElo "866"]
[PlyCount "84"]
[EventDate "2010.08.16"]
[EventType "swiss"]
[EventRounds "7"]
[EventCountry "CAN"]

1. e4 e5 2. Nf3 Nc6 3. Nc3 Bc5 4. Nxe5 Nxe5 5. d4 Bxd4 6. Qxd4 Nc6 7. Qxg7 Qf6
8. Qxf6 Nxf6 9. b3 d6 10. Bb2 Rg8 11. Nb5 Ke7 12. Nxc7 Rb8 13. Nd5+ Nxd5 14.
exd5 Nb4 15. O-O-O Nxa2+ 16. Kb1 Nb4 17. g3 Bf5 18. Bd3 Bxd3 19. cxd3 Nxd5 20.
Bd4 a6 21. Rhe1+ Kd7 22. Rc1 Rbc8 23. Rxc8 Rxc8 24. Re4 Nc3+ 25. Bxc3 Rxc3 26.
Rh4 Rxd3 27. Rxh7 Rxb3+ 28. Ka2 Rf3 29. Kb1 Rxf2 30. Kc1 Ke7 31. Rh4 a5 32. Kb1
b5 33. Ka1 a4 34. Kb1 a3 35. Ka1 Rb2 36. h3 b4 37. g4 Kf8 38. g5 Kg7 39. Rg4 b3
40. g6 fxg6 41. h4 Rh2 42. Rb4 Rh1# 0-1

[Event "NAYCC U08 w"]
[Site "Montreal CAN"]
[Date "2010.08.18"]
[Round "6"]
[White "Cao, Celine"]
[Black "Kaneshalingam, Mathanhe"]
[Result "0-1"]
[WhiteElo "378"]
[BlackElo "866"]
[PlyCount "54"]
[EventDate "2010.08.16"]
[EventType "swiss"]
[EventRounds "7"]
[EventCountry "CAN"]

1. e4 e5 2. Nf3 Nc6 3. Nc3 Bc5 4. Bc4 d6 5. O-O Bg4 6. d4 Nxd4 7. Bg5 Nf6 8. a3
Nxf3+ 9. Kh1 Nxh2 10. Kxh2 Bxd1 11. Raxd1 O-O 12. b4 Bd4 13. Rd3 Bxc3 14. Rxc3
h6 15. Be3 Ng4+ 16. Kg3 Nxe3 17. fxe3 Qg5+ 18. Kf3 a6 19. g4 b5 20. Bd5 Ra7 21.
Kg3 h5 22. Bxf7+ Rxf7 23. a4 Rxf1 24. Kg2 Rf8 25. axb5 Qxg4+ 26. Kh2 Rf2+ 27.
Kh1 Qg2# 0-1

[Event "NAYCC U08 w"]
[Site "Montreal CAN"]
[Date "2010.08.18"]
[Round "6"]
[White "Liu, Julia"]
[Black "Gorti, Akshita"]
[Result "0-1"]
[WhiteElo "587"]
[BlackElo "1236"]
[PlyCount "84"]
[EventDate "2010.08.16"]
[EventType "swiss"]
[EventRounds "7"]
[EventCountry "CAN"]

1. e4 e6 2. d4 d5 3. e5 c5 4. Nf3 Nc6 5. c3 Qb6 6. Be3 cxd4 7. cxd4 Qxb2 8.
Nbd2 Qb6 9. Bd3 Be7 10. O-O f6 11. Re1 Qc7 12. exf6 Nxf6 13. Nb3 O-O 14. Qd2
Bb4 15. Qc1 Bxe1 16. Nxe1 Rf7 17. Bf4 Qd8 18. Nf3 Nh5 19. Bg5 Qd7 20. Bb5 Rf8
21. Ne5 Qc7 22. Nxc6 bxc6 23. Bxc6 Bb7 24. Bxb7 Qxb7 25. Nc5 Qf7 26. f3 Rac8
27. Qe3 Rfe8 28. h3 Nf6 29. Rb1 Rb8 30. Rd1 Nd7 31. Na6 Rb6 32. Nc7 Rc8 33. Bf4
Nf6 34. Rc1 Ne8 35. Nxe8 Qxe8 36. Re1 Qf7 37. Be5 Rbc6 38. Qd2 Qg6 39. Re2 Rc2
40. Qe3 Rxe2 41. Qxe2 Rc2 42. Qa6 Qxg2# 0-1